[Event "Pozarevac Rudar GM 02"]
[Site "Pozarevac"]
[Date "2024.02.08"]
[Round "1"]
[White "Apaar, Saxena"]
[Black "Krishna Teja, N."]
[Result "0-1"]
[WhiteElo "2270"]
[BlackElo "2349"]
[PlyCount "94"]
[EventDate "2024.02.08"]
[EventType "tourn"]
[EventRounds "9"]
[EventCountry "SRB"]
[EventCategory "7"]
[SourceTitle "CB08_2024"]
[SourceDate "2024.02.21"]
[SourceVersion "1"]
[SourceVersionDate "2024.02.21"]
[SourceQuality "1"]

1. d4 Nf6 2. c4 e6 3. Nf3 d5 4. g3 Be7 5. Bg2 0-0 6. 0-0 dxc4 7. Qc2 b5 8. a4 b4 9. Nfd2 Nd5 10. Nxc4 c5 11. dxc5 Bxc5 12. Rd1 Nd7 13. a5 Ba6 14. e4 Rc8 15. b3 N5f6 16. Bb2 Ng4 17. Rf1 Nde5 18. Bxe5 Bxc4 19. bxc4 Nxe5 20. Nd2 Qd3 21. Qxd3 Nxd3 22. Nb3 Bxf2+ 23. Rxf2 Nxf2 24. Kxf2 Rc6 25. c5 Rxc5 26. Ra2 Rc4 27. Rd2 Rfc8 28. Ke1 Rc2 29. Bf1 Kf8 30. Rxc2 Rxc2 31. Nd2 Ke7 32. Bc4 Kd6 33. Kd1 Rc3 34. Ke2 Kc5 35. Bd3 b3 36. Bb1 e5 37. Bd3 f6 38. a6 Kb4 39. Nb1 Rc2+ 40. Ke3 Rxh2 41. g4 b2 42. Nd2 Rh3+ 43. Ke2 Rg3 44. Nb1 Rxg4 45. Kd2 Rg2+ 46. Be2 Kb3 47. Nc3 Rxe2+ 0-1

[Event "Pozarevac Rudar GM-B 01"]
[Site "Pozarevac"]
[Date "2024.02.03"]
[Round "4.3"]
[White "Citak, Selim"]
[Black "Krishna Teja, N."]
[Result "1/2-1/2"]
[WhiteElo "2326"]
[BlackElo "2349"]
[PlyCount "42"]
[EventDate "2024.01.31"]
[EventType "tourn"]
[EventRounds "9"]
[EventCountry "SRB"]
[SourceTitle "CB07_2024"]
[SourceDate "2024.02.14"]
[SourceVersion "1"]
[SourceVersionDate "2024.02.14"]
[SourceQuality "1"]
[WhiteTeam "TIeam B"]
[BlackTeam "TIeam C"]
[WhiteTeamCountry "SRB"]
[BlackTeamCountry "SRB"]

1. d4 Nf6 2. c4 e6 3. Nf3 d5 4. Nc3 Nbd7 5. Bf4 Bb4 6. cxd5 exd5 7. e3 c5 8. Bd3 0-0 9. 0-0 c4 10. Bc2 Bxc3 11. bxc3 Re8 12. Nd2 Qa5 13. Qc1 Nf8 14. Be5 Qd8 15. h3 Ng6 16. Bh2 Bd7 17. a4 Bc6 18. a5 Qd7 19. Qa3 b5 20. axb6 axb6 21. Qd6 Qxd6 1/2-1/2

[Event "Hyderabad Slan op 1st"]
[Site "Hyderabad"]
[Date "2023.07.22"]
[Round "3"]
[White "Mokshit, Pasupulety"]
[Black "Krishna Teja, N."]
[Result "0-1"]
[WhiteElo "1432"]
[BlackElo "2366"]
[PlyCount "106"]
[EventDate "2023.07.21"]
[EventType "swiss"]
[EventRounds "9"]
[EventCountry "IND"]
[SourceTitle "CBM 215 Extra"]
[Source "ChessBase"]
[SourceDate "2023.09.30"]
[SourceVersion "1"]
[SourceVersionDate "2023.09.30"]
[SourceQuality "1"]

1. e4 c5 2. Nf3 e6 3. g3 a6 4. Bg2 b5 5. 0-0 Bb7 6. Re1 Nc6 7. c3 c4 8. d4 cxd3 9. Qxd3 Qc7 10. Be3 Nf6 11. Nbd2 Be7 12. a4 b4 13. c4 Ng4 14. Nf1 Nce5 15. Qe2 Qxc4 16. Nxe5 Nxe5 17. Qh5 Nd3 18. Nd2 Qc2 19. Red1 0-0 20. Nf3 Bxe4 21. Nd4 Qc5 22. Qxc5 Nxc5 23. Nxe6 fxe6 24. Bxc5 Bxc5 25. Bxe4 d5 26. Bg2 Rxf2 27. Kh1 Raf8 28. Bh3 R8f6 29. Rac1 Rh6 30. Bg2 Bd6 31. Kg1 Rxb2 32. Rc6 Bf8 33. Rc8 Rf6 34. Bh3 b3 35. Re1 Rc2 36. Rxe6 Rxc8 37. Rxf6 Rc1+ 38. Rf1 Bc5+ 39. Kg2 b2 40. Be6+ Kh8 41. Bf5 g6 42. Bb1 Kg7 43. h3 Be3 44. a5 Bd2 45. g4 Be1 46. Bd3 b1Q 47. Bxb1 Rxb1 48. Rf3 d4 49. Rd3 Bc3 50. Kf3 Kf6 51. g5+ Kf5 52. Kg3 Ke4 53. Rf3 Rg1+ 0-1

[Event "Budapest FS02 GM"]
[Site "Budapest"]
[Date "2023.02.14"]
[Round "9"]
[White "Kushko, Dmitriy"]
[Black "Krishna Teja, N."]
[Result "1/2-1/2"]
[WhiteElo "2349"]
[BlackElo "2333"]
[PlyCount "41"]
[EventDate "2023.02.04"]
[EventType "tourn"]
[EventRounds "9"]
[EventCountry "HUN"]
[EventCategory "6"]
[SourceTitle "CBM 212 Extra"]
[Source "ChessBase"]
[SourceDate "2023.03.31"]
[SourceVersion "1"]
[SourceVersionDate "2023.03.31"]
[SourceQuality "1"]

1. Nf3 d5 2. g3 c6 3. Bg2 Bg4 4. 0-0 Nd7 5. h3 Bxf3 6. exf3 g6 7. f4 Bg7 8. d4 e6 9. c3 Ne7 10. Nd2 0-0 11. Nf3 c5 12. dxc5 Nxc5 13. Be3 Qc7 14. Nd4 a6 15. Qe2 Rac8 16. Rac1 Rfe8 17. Ra1 Ra8 18. Rac1 Rac8 19. Ra1 Ra8 20. Rac1 Rac8 21. Ra1 1/2-1/2

[Event "Budapest FS02 GM"]
[Site "Budapest"]
[Date "2023.02.13"]
[Round "8"]
[White "Krishna Teja, N."]
[Black "Karacsonyi, Gellert"]
[Result "1-0"]
[WhiteElo "2333"]
[BlackElo "2398"]
[PlyCount "109"]
[EventDate "2023.02.04"]
[EventType "tourn"]
[EventRounds "9"]
[EventCountry "HUN"]
[EventCategory "6"]
[SourceTitle "CBM 212 Extra"]
[Source "ChessBase"]
[SourceDate "2023.03.31"]
[SourceVersion "1"]
[SourceVersionDate "2023.03.31"]
[SourceQuality "1"]

1. d4 Nf6 2. c4 e6 3. Nc3 Bb4 4. Qc2 c5 5. dxc5 Na6 6. a3 Bxc3+ 7. Qxc3 Nxc5 8. b4 Nce4 9. Qb2 d5 10. c5 d4 11. Nf3 Ng4 12. Qxd4 Qxd4 13. Nxd4 Ngxf2 14. Rg1 Ng4 15. Nb5 0-0 16. Nc7 Rb8 17. h3 Nh2 18. Bf4 Nxf1 19. Rxf1 Bd7 20. 0-0-0 Rbd8 21. b5 Nc3 22. Rd2 Bxb5 23. Bd6 Nxe2+ 24. Kb2 Ng3 25. Rff2 Ne4 26. Nxb5 Nxd2 27. Rxd2 a6 28. Nc3 Rfe8 29. g4 h6 30. Na4 f6 31. Nb6 Kf7 32. Kc3 h5 33. g5 e5 34. Rb2 Ke6 35. a4 e4 36. Kd4 Kf5 37. gxf6 gxf6 38. Nd5 b5 39. a5 Kg6 40. Rf2 f5 41. Rg2+ Kh6 42. Ke3 Re6 43. Ne7 f4+ 44. Bxf4+ Kh7 45. Bd6 Rdxd6 46. cxd6 Rxd6 47. Rd2 Rf6 48. Rf2 Re6 49. Rf7+ Kh6 50. Nd5 Kg5 51. Rf4 Rd6 52. h4+ Kg6 53. Kxe4 Re6+ 54. Kd4 Re1 55. Kc5 1-0

[Event "Budapest FS02 GM"]
[Site "Budapest"]
[Date "2023.02.07"]
[Round "4"]
[White "Krishna Teja, N."]
[Black "Ashwath, R."]
[Result "1-0"]
[WhiteElo "2333"]
[BlackElo "2348"]
[PlyCount "137"]
[EventDate "2023.02.04"]
[EventType "tourn"]
[EventRounds "9"]
[EventCountry "HUN"]
[EventCategory "6"]
[SourceTitle "CBM 212 Extra"]
[Source "ChessBase"]
[SourceDate "2023.03.31"]
[SourceVersion "1"]
[SourceVersionDate "2023.03.31"]
[SourceQuality "1"]

1. d4 d5 2. c4 e6 3. Nc3 a6 4. cxd5 exd5 5. Nf3 Nf6 6. Bg5 Be6 7. Bxf6 Qxf6 8. Qb3 Ra7 9. e3 Qd8 10. Be2 Bd6 11. 0-0 0-0 12. Rfc1 b6 13. Na4 Nd7 14. Rc6 Nb8 15. Rc2 Nd7 16. Rc6 Nb8 17. Rcc1 Nd7 18. Nc3 Nf6 19. a4 c5 20. a5 c4 21. Qxb6 Qe7 22. Ne5 Raa8 23. Bf3 Rfc8 24. g3 h6 25. Bg2 Kh7 26. f4 g6 27. e4 Bxe5 28. dxe5 Nxe4 29. Bxe4 dxe4 30. Nxe4 Rab8 31. Qd4 Qb4 32. Rc2 Bf5 33. Nf6+ Kg7 34. Rd2 Qc5 35. Qxc5 Rxc5 36. g4 Be6 37. Rad1 Rxa5 38. Rd8 Rab5 39. R8d2 Kf8 40. Rf2 Ke7 41. f5 gxf5 42. gxf5 Rxb2 43. Rxb2 Rxb2 44. Ng8+ Ke8 45. fxe6 c3 46. e7 Rd2 47. Rb1 Rb2 48. Rc1 c2 49. Kf2 Kd7 50. Ke3 h5 51. Kd3 Rb8 52. e8Q+ Kxe8 53. Rxc2 Kd7 54. Nf6+ Ke6 55. Rc6+ Kf5 56. Nd7 Rb3+ 57. Kc4 Rh3 58. Rf6+ Kg5 59. Rf2 a5 60. Nc5 Rh4+ 61. Kd5 Rf4 62. Ne4+ Kf5 63. Nd6+ Kg4 64. Rxf4+ Kxf4 65. Nxf7 a4 66. Nd8 a3 67. Ne6+ Ke3 68. Nc5 a2 69. Nb3 1-0

[Event "Budapest FS02 GM"]
[Site "Budapest"]
[Date "2023.02.06"]
[Round "3"]
[White "Kotronias, Vasilios"]
[Black "Krishna Teja, N."]
[Result "1-0"]
[WhiteElo "2468"]
[BlackElo "2333"]
[PlyCount "63"]
[EventDate "2023.02.04"]
[EventType "tourn"]
[EventRounds "9"]
[EventCountry "HUN"]
[EventCategory "6"]
[SourceTitle "CBM 212 Extra"]
[Source "ChessBase"]
[SourceDate "2023.03.31"]
[SourceVersion "1"]
[SourceVersionDate "2023.03.31"]
[SourceQuality "1"]

1. e4 e5 2. Nf3 Nc6 3. Bb5 a6 4. Ba4 Nf6 5. 0-0 Be7 6. Re1 b5 7. Bb3 d6 8. c3 0-0 9. h3 Nb8 10. d4 Nbd7 11. Nbd2 Bb7 12. Bc2 Re8 13. Nf1 Bf8 14. Ng3 g6 15. a4 Bg7 16. d5 Qb8 17. c4 c6 18. b3 bxc4 19. bxc4 a5 20. Ba3 Bf8 21. Qd2 Nb6 22. Bb3 Rc8 23. Qa2 cxd5 24. cxd5 Ba6 25. Rac1 Qb7 26. Rc6 Rxc6 27. dxc6 Qxc6 28. Bxf7+ Kg7 29. Rc1 Qb7 30. Ng5 d5 31. Bxf8+ Rxf8 32. Bxd5 1-0

[Event "Bassano del Grappa Vergani Cup"]
[Site "Bassano del Grappa"]
[Date "2023.02.03"]
[Round "5"]
[White "Krishna Teja, N."]
[Black "Sebenik, Matej"]
[Result "1/2-1/2"]
[WhiteElo "2333"]
[BlackElo "2540"]
[PlyCount "70"]
[EventDate "2023.02.01"]
[EventType "swiss"]
[EventRounds "9"]
[EventCountry "ITA"]
[SourceTitle "CBM 212 Extra"]
[Source "ChessBase"]
[SourceDate "2023.03.31"]
[SourceVersion "1"]
[SourceVersionDate "2023.03.31"]
[SourceQuality "1"]

1. d4 d5 2. c4 e6 3. Nc3 a6 4. e4 dxe4 5. Nxe4 Bb4+ 6. Nc3 c5 7. Nf3 Nf6 8. Be3 0-0 9. Rc1 cxd4 10. Qxd4 Qxd4 11. Nxd4 e5 12. Nf3 Nc6 13. a3 Bxc3+ 14. Rxc3 Re8 15. Be2 Bg4 16. h3 Bxf3 17. Bxf3 Nd4 18. Bg5 Nxf3+ 19. gxf3 Nd7 20. Ke2 Nc5 21. Be3 Ne6 22. Rb3 Re7 23. Rd1 Rc8 24. Rb4 f6 25. b3 Rc6 26. a4 Kf7 27. a5 f5 28. Rd5 Kf6 29. Kf1 Rf7 30. Kg2 g5 31. Kf1 h5 32. Kg2 Rg7 33. Kf1 Rh7 34. Kg2 Rg7 35. Kf1 Rh7 1/2-1/2

[Event "Bassano del Grappa Vergani Cup"]
[Site "Bassano del Grappa"]
[Date "2023.02.03"]
[Round "4"]
[White "Seo, Jung Min"]
[Black "Krishna Teja, N."]
[Result "1/2-1/2"]
[WhiteElo "2509"]
[BlackElo "2333"]
[PlyCount "68"]
[EventDate "2023.02.01"]
[EventType "swiss"]
[EventRounds "9"]
[EventCountry "ITA"]
[SourceTitle "CBM 212 Extra"]
[Source "ChessBase"]
[SourceDate "2023.03.31"]
[SourceVersion "1"]
[SourceVersionDate "2023.03.31"]
[SourceQuality "1"]

1. e4 e5 2. Nf3 Nc6 3. Bb5 a6 4. Ba4 Nf6 5. 0-0 Be7 6. Re1 b5 7. Bb3 d6 8. c3 0-0 9. h3 Nb8 10. d4 Nbd7 11. Nbd2 Bb7 12. Bc2 Re8 13. Nf1 Bf8 14. Ng3 g6 15. Bg5 h6 16. Bd2 exd4 17. cxd4 c5 18. d5 Bg7 19. Rb1 Nb6 20. b3 a5 21. Qc1 Kh7 22. Bd3 b4 23. Be3 Ba6 24. Bxa6 Rxa6 25. Nd2 Ra8 26. Bf4 Qe7 27. Nc4 Nxc4 28. Qxc4 Nd7 29. Qc2 Nb6 30. Nf1 a4 31. Nd2 Qf6 32. Bg3 axb3 33. axb3 Qc3 34. Qd1 Be5 1/2-1/2

[Event "Hyderabad Singh Ji Memorial"]
[Site "Hyderabad"]
[Date "2023.01.12"]
[Round "6"]
[White "Majumder, Shrayan"]
[Black "Krishna Teja, N."]
[Result "1/2-1/2"]
[WhiteElo "1788"]
[BlackElo "2340"]
[PlyCount "34"]
[EventDate "2023.01.10"]
[EventType "swiss"]
[EventRounds "9"]
[EventCountry "IND"]
[SourceTitle "CBM 212 Extra"]
[Source "ChessBase"]
[SourceDate "2023.03.31"]
[SourceVersion "1"]
[SourceVersionDate "2023.03.31"]
[SourceQuality "1"]

1. d4 Nf6 2. c4 e6 3. Nc3 Bb4 4. Qb3 c5 5. dxc5 Nc6 6. Nf3 Ne4 7. Bd2 Nxd2 8. Nxd2 Bxc5 9. g3 d5 10. cxd5 Nd4 11. Qd1 exd5 12. e3 Nc6 13. Nb3 Bb4 14. Bg2 Be6 15. 0-0 Bxc3 16. bxc3 0-0 17. Nc5 Qe7 1/2-1/2

[Event "Asian Continental Blitz op 19th"]
[Site "Delhi"]
[Date "2022.11.03"]
[Round "1"]
[White "Hossain, Enamul"]
[Black "Krishna Teja, N."]
[Result "1-0"]
[WhiteElo "2392"]
[BlackElo "2354"]
[PlyCount "50"]
[EventDate "2022.11.03"]
[EventType "swiss (blitz)"]
[EventRounds "9"]
[EventCountry "IND"]
[SourceTitle "EXT 2024"]
[Source "ChessBase"]
[SourceDate "2023.10.10"]
[SourceVersion "1"]
[SourceVersionDate "2023.10.10"]
[SourceQuality "1"]

1. e4 e5 2. Nf3 Nc6 3. Bb5 a6 4. Ba4 Nf6 5. 0-0 Be7 6. Re1 b5 7. Bb3 d6 8. c3 0-0 9. h3 Nb8 10. d4 Nbd7 11. c4 c6 12. Nc3 b4 13. Ne2 a5 14. Ng3 g6 15. Bh6 Re8 16. c5 Bf8 17. Ng5 d5 18. Bxf8 Rxf8 19. dxe5 Nxe4 20. N3xe4 dxe4 21. Nxf7 Qe7 22. Nd6+ Kg7 23. e6 Nf6 24. Qd4 Bxe6 25. Rxe4 Qd8 1-0

[Event "Asian Continental Blitz op 19th"]
[Site "Delhi"]
[Date "2022.11.03"]
[Round "2"]
[White "Krishna Teja, N."]
[Black "Sengupta, Deep"]
[Result "1-0"]
[WhiteElo "2354"]
[BlackElo "2497"]
[PlyCount "159"]
[EventDate "2022.11.03"]
[EventType "swiss (blitz)"]
[EventRounds "9"]
[EventCountry "IND"]
[SourceTitle "EXT 2024"]
[Source "ChessBase"]
[SourceDate "2023.10.10"]
[SourceVersion "1"]
[SourceVersionDate "2023.10.10"]
[SourceQuality "1"]

1. d4 e6 2. c4 b6 3. e4 Bb7 4. Bd3 Bb4+ 5. Bd2 Bxd2+ 6. Nxd2 Ne7 7. Ngf3 d6 8. 0-0 Nd7 9. Qe2 0-0 10. e5 Ng6 11. Bc2 Qe7 12. g3 Rad8 13. Rad1 c5 14. exd6 Qxd6 15. Ne4 Bxe4 16. Bxe4 Nf6 17. Bc2 Qc7 18. h4 cxd4 19. Nxd4 Ne7 20. Nb5 Qb8 21. b3 a6 22. Nd4 Qc7 23. Rfe1 Rd6 24. Nf3 Rfd8 25. Rxd6 Rxd6 26. Rd1 Nc6 27. c5 Rxd1+ 28. Bxd1 a5 29. Qb5 bxc5 30. Qxc5 Nd5 31. Be2 Ncb4 32. Qb5 g6 33. a3 Nc2 34. Qe8+ Kg7 35. h5 gxh5 36. Ng5 Qe7 37. Qxe7 Nxe7 38. a4 Nd4 39. Bc4 Nec6 40. f4 Nb8 41. Kf2 Nd7 42. Ne4 f5 43. Nd6 Nc5 44. Ke3 Ndxb3 45. Nb5 Kf6 46. Be2 h4 47. gxh4 e5 48. Nd6 exf4+ 49. Kxf4 Ne6+ 50. Ke3 Nbc5 51. Bb5 f4+ 52. Kf3 Ke5 53. Nc4+ Kd4 54. Nxa5 Kd5 55. Bc4+ Ke5 56. Nc6+ Kf5 57. Ne7+ Kf6 58. Nd5+ Ke5 59. Ne7 Nd4+ 60. Kg4 f3 61. a5 f2 62. Kg3 Ne4+ 63. Kg2 Nc2 64. Bd3 Ne3+ 65. Kf3 Kd4 66. Be2 f1Q+ 67. Bxf1 Nxf1 68. a6 Nfd2+ 69. Kf4 Nc4 70. Nc8 Ned6 71. a7 Nxc8 72. a8Q N8d6 73. Qh8+ Kd5 74. Qxh7 Ke6 75. Qg8+ Kf6 76. Qg5+ Kf7 77. h5 Kf8 78. h6 Nf7 79. Qg7+ Ke7 80. h7 1-0

[Event "Asian Continental Blitz op 19th"]
[Site "Delhi"]
[Date "2022.11.03"]
[Round "5"]
[White "Laxman, Rajaram"]
[Black "Krishna Teja, N."]
[Result "1-0"]
[WhiteElo "2367"]
[BlackElo "2354"]
[PlyCount "91"]
[EventDate "2022.11.03"]
[EventType "swiss (blitz)"]
[EventRounds "9"]
[EventCountry "IND"]
[SourceTitle "EXT 2024"]
[Source "ChessBase"]
[SourceDate "2023.10.10"]
[SourceVersion "1"]
[SourceVersionDate "2023.10.10"]
[SourceQuality "1"]

1. d4 Nf6 2. Nf3 d5 3. c4 e6 4. g3 dxc4 5. Bg2 Bd7 6. Ne5 Bc6 7. Nxc6 Nxc6 8. e3 Qd7 9. 0-0 0-0-0 10. Nd2 h5 11. Nxc4 Nd5 12. Bd2 f5 13. b4 Bxb4 14. Bxb4 Ncxb4 15. Ne5 Qe8 16. Rc1 Na6 17. Qb3 Rd6 18. Nc4 Rd7 19. Na5 c6 20. Rc2 Qd8 21. Nc4 Nb8 22. Rb1 Rc7 23. Qa3 Na6 24. Nd6+ Kb8 25. Rcb2 Nb6 26. Bf1 Rd7 27. Nxb7 Rxb7 28. Bxa6 Rd7 29. Qc5 Qc7 30. a4 Rd5 31. Qc3 Ka8 32. Rb4 Rb8 33. Be2 Ra5 34. Bf3 Rc8 35. Qb3 Ra6 36. Qxe6 Rxa4 37. Rxa4 Nxa4 38. Qxf5 Nc3 39. Rc1 Na2 40. Rc4 Qb7 41. Kg2 Kb8 42. Qe5+ Ka8 43. Qa5 Qb3 44. Rxc6 Rxc6 45. Bxc6+ Kb8 46. Qd8# 1-0

[Event "Asian Continental op 19th"]
[Site "Delhi"]
[Date "2022.11.01"]
[Round "7"]
[White "Krishna Teja, N."]
[Black "Liyanage, Ranindu Dilshan"]
[Result "0-1"]
[WhiteElo "2359"]
[BlackElo "2310"]
[PlyCount "80"]
[EventDate "2022.10.26"]
[EventType "swiss"]
[EventRounds "9"]
[EventCountry "IND"]
[SourceTitle "EXT 2024"]
[Source "ChessBase"]
[SourceDate "2023.10.10"]
[SourceVersion "1"]
[SourceVersionDate "2023.10.10"]
[SourceQuality "1"]

1. d4 Nf6 2. c4 e6 3. Nf3 d5 4. g3 dxc4 5. Bg2 Bb4+ 6. Nbd2 c5 7. dxc5 Bxc5 8. 0-0 0-0 9. Nxc4 Nc6 10. a3 Qe7 11. b4 Rd8 12. Bd2 Bd4 13. Nxd4 Nxd4 14. e3 Nf5 15. Qc2 Rb8 16. Bc3 Bd7 17. e4 Nh6 18. Rfd1 Bb5 19. Bd4 Qc7 20. Bxa7 Rxd1+ 21. Rxd1 Ra8 22. Bc5 Ba4 23. Qd2 Bxd1 24. Qxd1 Nd7 25. Be3 Ng4 26. Qxg4 Qxc4 27. Bf1 Qc3 28. Qd1 Nf6 29. Bg2 Qxa3 30. Qd6 Qa6 31. Bb6 Qc4 32. h3 Nxe4 33. Qd7 Qd5 34. Qc7 Nf6 35. Qd6 Qc4 36. Qd7 Ne4 37. Qc7 Qd5 38. Be3 f5 39. Bf4 h6 40. Kh2 Ra1 0-1

[Event "Asian Continental op 19th"]
[Site "Delhi"]
[Date "2022.10.30"]
[Round "5"]
[White "Krishna Teja, N."]
[Black "Pranesh, M."]
[Result "0-1"]
[WhiteElo "2359"]
[BlackElo "2442"]
[PlyCount "72"]
[EventDate "2022.10.26"]
[EventType "swiss"]
[EventRounds "9"]
[EventCountry "IND"]
[SourceTitle "EXT 2024"]
[Source "ChessBase"]
[SourceDate "2023.10.10"]
[SourceVersion "1"]
[SourceVersionDate "2023.10.10"]
[SourceQuality "1"]

1. e4 e5 2. Nf3 Nc6 3. Bb5 a6 4. Bxc6 dxc6 5. 0-0 f6 6. d4 exd4 7. Nxd4 Ne7 8. Nc3 Ng6 9. Be3 Bb4 10. Nce2 0-0 11. c3 Bd6 12. f4 Qe8 13. Ng3 c5 14. Nb3 b6 15. Qc2 Bb7 16. Rae1 Qa4 17. c4 Rfe8 18. e5 fxe5 19. f5 Nf4 20. f6 Qc6 21. Rf3 gxf6 22. Nd2 Bf8 23. Nde4 f5 24. Nd2 Qd7 25. Bxf4 Bxf3 26. Bg5 Bb7 27. Nxf5 e4 28. Ng3 Qd3 29. Qc1 Bg7 30. Nf5 Bd4+ 31. Be3 Rf8 32. Bxd4 cxd4 33. Qd1 Kh8 34. Qg4 Rf7 35. Nxe4 Bxe4 36. Rxe4 Raf8 0-1

[Event "Asian Continental op 19th"]
[Site "Delhi"]
[Date "2022.10.28"]
[Round "3"]
[White "Krishna Teja, N."]
[Black "Vignesh, NR."]
[Result "0-1"]
[WhiteElo "2359"]
[BlackElo "2486"]
[PlyCount "86"]
[EventDate "2022.10.26"]
[EventType "swiss"]
[EventRounds "9"]
[EventCountry "IND"]
[SourceTitle "EXT 2024"]
[Source "ChessBase"]
[SourceDate "2023.10.10"]
[SourceVersion "1"]
[SourceVersionDate "2023.10.10"]
[SourceQuality "1"]

1. d4 Nf6 2. c4 e6 3. Nc3 Bb4 4. Qc2 0-0 5. Nf3 d5 6. a3 Bxc3+ 7. Qxc3 dxc4 8. Qxc4 b6 9. Bg5 Ba6 10. Qc2 h6 11. Bh4 Nbd7 12. e4 Bxf1 13. Rxf1 Qc8 14. Qc6 Rb8 15. Rc1 Qb7 16. Nd2 Nc5 17. Qxb7 Nd3+ 18. Kd1 Rxb7 19. Rc6 Rd8 20. Nf3 g5 21. Kc2 Nf4 22. Nxg5 hxg5 23. Bxg5 Rxd4 24. Bxf6 Rxe4 25. b3 Nd5 26. Bb2 a5 27. Kd3 f5 28. g3 a4 29. Rc4 axb3 30. Rxe4 fxe4+ 31. Kxe4 c5 32. Rc1 Rc7 33. Be5 Rc8 34. a4 c4 35. Rb1 Ra8 36. Bb2 c3 37. Ke5 c2 38. Ra1 Nb4 39. Kd4 Na2 40. Kc4 c1Q+ 41. Bxc1 Nxc1 42. Kb4 b2 43. Rb1 Rc8 0-1

[Event "Pune Maharashtra op 1st"]
[Site "Pune"]
[Date "2022.06.02"]
[Round "4"]
[White "Samant, Aditya S"]
[Black "Krishna Teja, N."]
[Result "1-0"]
[WhiteElo "2433"]
[BlackElo "2374"]
[PlyCount "121"]
[EventDate "2022.05.31"]
[EventType "swiss"]
[EventRounds "11"]
[EventCountry "IND"]
[SourceTitle "CBM 208 Extra"]
[Source "ChessBase"]
[SourceDate "2022.07.31"]
[SourceVersion "1"]
[SourceVersionDate "2022.07.31"]
[SourceQuality "1"]

1. e4 e5 2. Nf3 Nc6 3. Bb5 a6 4. Ba4 Nf6 5. 0-0 Be7 6. Re1 b5 7. Bb3 d6 8. c3 0-0 9. h3 Nb8 10. d4 Nbd7 11. Nbd2 Bb7 12. Bc2 Re8 13. Nf1 Bf8 14. Ng3 g6 15. a4 Bg7 16. Bg5 h6 17. Bd2 Nb6 18. Qc1 Kh7 19. b3 bxa4 20. bxa4 Nc4 21. Bd3 Nxd2 22. Qxd2 d5 23. exd5 exd4 24. Rxe8 Nxe8 25. c4 Rc8 26. Rb1 Ba8 27. Nf5 c6 28. Qf4 cxd5 29. Nxh6 dxc4 30. Ng5+ Qxg5 31. Qxg5 Bxh6 32. Qg4 Rc7 33. Qxd4 cxd3 34. Qxd3 a5 35. Qa6 Bc6 36. Qxa5 Re7 37. Qc5 Re6 38. a5 Nc7 39. Qc4 Na8 40. a6 Bg5 41. a7 Bf6 42. Rc1 Bb7 43. Rd1 Bc6 44. Qa6 Kg7 45. Qc8 Bg5 46. Rb1 Bf6 47. Rc1 Bd5 48. Qd7 Nb6 49. Qxd5 Nxd5 50. a8Q Nf4 51. Rd1 g5 52. Qf3 Ne2+ 53. Kf1 Nf4 54. h4 Ng6 55. h5 Nf8 56. Qf5 Nh7 57. Rd7 Nf8 58. Rb7 Ra6 59. g3 Re6 60. h6+ Kg8 61. Rb8 1-0

[Event "Arandjelovac ASK-3 GM"]
[Site "Arandjelovac"]
[Date "2021.11.07"]
[Round "9"]
[White "Krishna Teja, N."]
[Black "Sankalp, Gupta"]
[Result "0-1"]
[WhiteElo "2385"]
[BlackElo "2446"]
[PlyCount "58"]
[EventDate "2021.10.31"]
[EventType "tourn"]
[EventRounds "9"]
[EventCountry "SRB"]
[EventCategory "8"]
[SourceTitle "CBM 205 Extra"]
[Source "ChessBase"]
[SourceDate "2022.01.31"]
[SourceVersion "1"]
[SourceVersionDate "2022.01.31"]
[SourceQuality "1"]

1. d4 Nf6 2. c4 e6 3. Nf3 c5 4. Nc3 cxd4 5. Nxd4 Nc6 6. Ndb5 d6 7. e4 a6 8. Nd4 e5 9. Nb3 Be7 10. Be2 0-0 11. 0-0 Be6 12. Be3 Rc8 13. f3 Na5 14. Nxa5 Qxa5 15. Nd5 Nxd5 16. cxd5 Bd7 17. Qb3 b5 18. f4 exf4 19. Bxf4 Bf6 20. Kh1 Rfe8 21. Bxd6 Rxe4 22. Rxf6 gxf6 23. Qg3+ Kh8 24. Bd3 Qd2 25. h3 Re3 26. Qf4 Qxd3 27. Qxf6+ Kg8 28. Qg5+ Qg6 29. Qxe3 Qxd6 0-1

[Event "Arandjelovac ASK-3 GM"]
[Site "Arandjelovac"]
[Date "2021.11.02"]
[Round "4"]
[White "Krishna Teja, N."]
[Black "Milanovic, Danilo"]
[Result "1-0"]
[WhiteElo "2385"]
[BlackElo "2417"]
[PlyCount "77"]
[EventDate "2021.10.31"]
[EventType "tourn"]
[EventRounds "9"]
[EventCountry "SRB"]
[EventCategory "8"]
[SourceTitle "CBM 205 Extra"]
[Source "ChessBase"]
[SourceDate "2022.01.31"]
[SourceVersion "1"]
[SourceVersionDate "2022.01.31"]
[SourceQuality "1"]

1. d4 Nf6 2. c4 c5 3. Nf3 cxd4 4. Nxd4 e5 5. Nb5 d5 6. cxd5 Bc5 7. N5c3 0-0 8. g3 Ng4 9. e3 f5 10. Be2 Nf6 11. a3 a6 12. b4 Bd6 13. Nd2 Nbd7 14. Nc4 Nb6 15. Nxd6 Qxd6 16. Bb2 Bd7 17. Qb3 Rfc8 18. 0-0 Rc7 19. f4 exf4 20. exf4 Rac8 21. Rad1 Nc4 22. Ba1 b5 23. Rd3 Be8 24. Bf3 Bh5 25. Bxh5 Nxh5 26. Nb1 Nf6 27. Be5 Nxe5 28. fxe5 Qxe5 29. d6+ Rf7 30. Nd2 Nd7 31. Nf3 Qf6 32. Re3 Kh8 33. Re6 Qd8 34. Rfe1 Rf8 35. Kg2 Rc4 36. Re7 h6 37. Qb2 Rg8 38. R1e6 Kh7 39. Qd2 1-0

[Event "Arandjelovac ASK-3 GM"]
[Site "Arandjelovac"]
[Date "2021.11.01"]
[Round "2"]
[White "Krishna Teja, N."]
[Black "Damljanovic, Branko"]
[Result "0-1"]
[WhiteElo "2385"]
[BlackElo "2504"]
[PlyCount "62"]
[EventDate "2021.10.31"]
[EventType "tourn"]
[EventRounds "9"]
[EventCountry "SRB"]
[EventCategory "8"]
[SourceTitle "CBM 205 Extra"]
[Source "ChessBase"]
[SourceDate "2022.01.31"]
[SourceVersion "1"]
[SourceVersionDate "2022.01.31"]
[SourceQuality "1"]

1. d4 Nf6 2. c4 d6 3. Nf3 g6 4. Nc3 Bf5 5. Nh4 Bd7 6. Nf3 Bg7 7. g3 0-0 8. Bg2 Nc6 9. 0-0 a6 10. b3 Rb8 11. d5 Na5 12. Bd2 b5 13. Nxb5 Nxc4 14. bxc4 axb5 15. cxb5 Rxb5 16. Nd4 Rxd5 17. Bxd5 Nxd5 18. e4 Nb6 19. e5 Bxe5 20. Bh6 Re8 21. Rb1 Qa8 22. f4 Bf6 23. Rf2 Nd5 24. Rc1 Ne3 25. Qd3 Bxd4 26. Qxd4 Nf5 27. Qd1 Nxh6 28. Rxc7 Be6 29. Rb2 Ng4 30. Rcb7 Qa5 31. Qc1 Rc8 0-1